书目信息 |
| 题名: |
工程流体力学
|
|
| 作者: | 黄卫星 , 陈文梅 主编 | |
| 分册: | ||
| 出版信息: | 北京 化学工业出版社 2001.07 |
|
| 页数: | 272页 | |
| 开本: | 23cm | |
| 丛书名: | ||
| 单 册: | ||
| 中图分类: | TB126 | |
| 科图分类: | ||
| 主题词: | 工程力学 | |
| 电子资源: | ||
| ISBN: | 7-5025-3286-2 | |
| 000 | 00615nam0 2200205 45 | |
| 001 | 0456917685 | |
| 005 | 2004042515483709 | |
| 010 | @a7-5025-3286-2@dCNY 27.00 | |
| 100 | @a20040425d2001 km y0chiy0120 ea | |
| 101 | 0 | @achi |
| 102 | @aCN@b110000 | |
| 200 | 1 | @a工程流体力学@AGong Cheng Liu Ti Li Xue@f黄卫星,陈文梅主编@FHuang Wei Xing,Chen Wen Mei Zhu Bian |
| 210 | @a北京@c化学工业出版社@d2001.07 | |
| 215 | @a272页@d23cm | |
| 606 | 0 | @a工程力学 |
| 690 | @aTB126@v3 | |
| 701 | 0 | @a黄卫星@AHuang Wei Xing@4主编 |
| 701 | 0 | @a陈文梅@AChen Wen Mei@4主编 |
| 801 | 0 | @aCN@bPFT@c20040425 |
| 905 | @a安徽大学@dTB126@eH897 | |
| 工程流体力学/黄卫星,陈文梅主编.-北京:化学工业出版社,2001.07 |
| 272页;23cm |
| ISBN 7-5025-3286-2:CNY 27.00 |
| ● |
| 相关链接 |
|
|
|
正题名:工程流体力学
索取号:TB126/H897
 
预约/预借
| 序号 | 登录号 | 条形码 | 馆藏地/架位号 | 状态 | 备注 |
| 1 | 390426 | 203904267 | 期刊室512/501自科库 4排1列4层/ [索取号:TB126/H897] | 在馆 | |
| 2 | 390427 | 203904276 | 自科库501/501自科库 4排1列4层/ [索取号:TB126/H897] | 在馆 | |
| 3 | 390428 | 203904285 | 自科库501/501自科库 4排1列4层/ [索取号:TB126/H897] | 在馆 |